000 00543nam a2200217 a 4500
999 _c3866
_d3866
001 3866
003 BD-JhCC
005 20220811134024.0
008 171119s enka|||| ||a| 000 0 eng d
035 _a(BD-JhCC)3866
040 _aBD-JhCC
_dBD-JhCC
041 _aben
082 _a823
_bJER
100 _aJerrome, Edward G.
245 _aTales of Ships /
_cEdward G. Jerrome
260 _aLondon :
_bBlackie & son Limited,
_c1959.
300 _a25 p. :
_c18 cm.
_billu;
650 _aChipper Ships
942 _2ddc
_cBK
_02